01424cam a22003617a 4500003000500000005001700005008004100022010000800063011000900071035000900080040000900089090001000098100004100108245016700149260004000316300001100356502009400367590003700461590004100498590004100539590004100580590004100621590004100662590004200703650004100745650005100786650002700837901000700864942001000871949004100881999001300922952012700935CHAP20220329132958.0971013s1985 r 00010 d a892 a1864 a1041 cCHAP aTesis00aRodríguez Vargas, Carlos M.99894614aLos sistemas de propagación del cacao (Theobroma cacao L.) y su vinculación con el modo de producción agrícola en el área cacaotera de Tabasco, México aCárdenas, Tab. :bEl autor,c1985 a122 h. aTesis (Ing. Agr. Esp. en Agriculura Tropical) -- Colegio Superior de Agricultura Tropical aALEPHb10c20130110lUCH01h1206 aBATCH-UPDb10c20130110lUCH01h0053 aBATCH-UPDb10c20130110lUCH01h1724 aBATCH-UPDb10c20130409lUCH01h2041 aBATCH-UPDb10c20130410lUCH01h1106 aBATCH-UPDb10c20130914lUCH01h0803 aCONVERSIONb10c20130109lUCH01h130214aCacaoxAspectos económicos.91692214aCacaoxCostos de producciónxTabasco.91693714aCacaoxTabasco.916973 aBK cTESIS bBCcTESd-10503eTS1h22961i1041si c892d892 00102local4051708TESISaBCbBCcPA_TESISd2019-12-31fTESISl0oTesisp-10503r2019-12-31 00:00:00w2019-12-31yTESIS